| 000 | 01293nam a22003497a 4500 | ||
|---|---|---|---|
| 003 | CHAP | ||
| 005 | 20220329135637.0 | ||
| 008 | 971013s1994 r 00010 d | ||
| 010 | _a39814 | ||
| 011 | _a40786 | ||
| 035 | _a44912 | ||
| 040 | _cCHAP | ||
| 090 | _aTesis | ||
| 100 | 0 | 0 |
_aHernández Montiel, Vicente. _954365 |
| 245 | _aEvaluación de la infección causada por los muérdagos Struthanthus deppeanus (Cham & Schlecht.) Blume y Arceuthobium gilli subsp nigrum Hawks & Wiens, en pinos de la Sierra Negra de Puebla | ||
| 260 |
_aChapingo, Méx. : _bEl autor, _c1994 |
||
| 300 | _a93 h. | ||
| 502 | _aTesis (Ing. Forestal con Orientación en Silvicultura) -- UACH. División de Ciencias Forestales | ||
| 590 |
_aALEPH _b10 _c20130110 _lUCH01 _h1308 |
||
| 590 |
_aBATCH-UPD _b10 _c20130110 _lUCH01 _h1710 |
||
| 590 |
_aBATCH-UPD _b10 _c20130410 _lUCH01 _h1056 |
||
| 590 |
_aBATCH-UPD _b10 _c20130914 _lUCH01 _h1834 |
||
| 590 |
_aCONVERSION _b10 _c20130109 _lUCH01 _h1322 |
||
| 650 | 1 | 4 |
_aMuérdago. _979527 |
| 650 | 1 | 4 |
_aPináceas _xPlagas. _988257 |
| 650 | 1 | 4 |
_aPináceas _xPuebla. _988261 |
| 650 | 1 | 4 |
_aPlantas parásitas. _989080 |
| 901 | _aBK | ||
| 942 | _cFOLL | ||
| 949 |
_bBC _cTES _d-102887 _eTS1 _h27937 _i44912 _si |
||
| 949 |
_bBC _cTES _d33724000005112 _eTS2 _fc.2 _h27938 _i44912 _si |
||
| 999 |
_c39814 _d39814 |
||